000 00289nam a22001217a 4500
008 230704b xxu||||| |||| 00| 0 eng d
082 _a342
_bCKRC
110 _bCKRC
245 _athe popular version of the New Constitution
260 _bCKRC
_cSept 2005
300 _a78p
942 _2ddc
_cBK
999 _c3784
_d3784